000 00243 a2200109 4500
001 78888
090 _c39515
_d39515
100 _aPAF
245 _aCommunication Skills (Non GD Courses)
260 _aPAF Base Maeroor
_bPAF Press Masroor
300 _a64p
942 _aCAENUST
999 _c313961
_d313961